000 00689nam a2200217 a 4500
001 56969
003 BD-RjUL
005 20211209080444.0
008 161205s2001 my ||||| |||| 00| 0 eng d
020 _a9679787672
035 _a(BD-RjUL)57093
040 _aBD-RjUL
_beng
_cBD-RjUL
041 _aeng
082 _223
_a297.273
_bYUI 2001
100 1 _a Nik, Mohamed Affandi bin
_9169308
245 _aIslam & wealth :
_bthe balanced approach to wealth creation, accumulation, and distribution /
_cMohamed Affandi bin Nik Yusoff, Edited by Ismail Noor
300 _axvi, 173 p. ;
_c21 cm
650 _aIslamic and economics
_9170486
700 _aNoor. Ismail
_9169311
942 _2ddc
_cBK
999 _c56969
_d56969